000 00595nam a2200229 4500
001 72876
003 BD-RjUL
005 20211209082323.0
008 170524s1947 enkab||| b||| 001 0 eng d
035 _a(BD-RjUL)73094
040 _aBD-RjUL
_beng
_cBD-RjUL
041 _aeng
082 _223
_a910
_bFRJ 1947
100 _aFry, G. C.
_9215563
245 _aJunior Geography /
_cG. C. Fry
250 _a8th ed.
260 _aLondon :
_bTutorial ,
_c1947
300 _a354 p. :
_bill. ;
_c19 cm.
504 _aIncludes Bibliography and Indexes
650 _aGeography
_9215564
942 _2ddc
_cBK
999 _c72876
_d72876